000 01009nam a22003257a 4500
001 BR0205446
003 BR-BrBNA
005 20230928101205.0
007 ta
008 230509b bl.||||| |||| 00| 0 por d
040 _aBR-BrBNA
_bpor
_cBiblioteca Nacional de Agricultura
041 _a(Por)
072 _aF30; F02
_b0311
090 _ 0311 BR0205446
100 1 _aSilva, V. dos S.
110 1 _aEscola Superior de Agricultura Luiz de Queiroz, Piracicaba, SP (Brasil)
_0Tese (Mestre em Ciências)
245 1 _aRegeneração in vitro de embriões de Cocos nucífera L.
260 3 _aPiracicaba, SP (Brasil):
_c2002.
300 _a72 p.
500 _aSummaries (Eng, Por); Bibliography p. 58-72; 16 illus.; 9 tables
650 _aCOCO
650 _aEMBRIÃO
650 _aMELHORAMENTO GENÉTICO VEGETAL
650 _aREGENERAÇÃO
650 _aCULTURA IN VITRO
650 _aMEIO DE CULTURA
650 _aPROPAGAÇÃO VEGETATIVA
909 _a202309
_bLucia
_c55
_dLucia Elande
942 _cBK
999 _c64648
_d64648